Регионална библиотека "Любен Каравелов" - Русе

Тибетското изкуство на живота (Запис номер 69059)

MARC детайли
000 -Лидер
Контролно поле с фиксирана дължина 02118nam a2200457 c 4500
003 - Код на организацията, давaща контролен номер
Контролно поле BLK
005 - Дата и час на последна редакция
Контролно поле 20240130153626.0
008 - Елементи от данни с фиксирана дължина
fixed length control field 180408b bul|||||r ||||||| ||bul||
010 ## - Наследен системен номер
LC control number KNG00073398000
020 ## - Международен стандартен номер на книга ISBN
Международен стандартен номер на книга ISBN 954-26-0397-5
-- издат.: Хермес
020 ## - Международен стандартен номер на книга ISBN
Международен стандартен номер на книга ISBN 978-954-26-0397-9
-- издат.: Хермес
040 ## - Източник на каталожния запис
Идентификатор на билиотеката - собственик на записа BLK
041 ## - Код за език
Код за езика на текст/звукозапис или на отделно заглавие Български
Код за езика КДБФ Български
080 ## - УДК
Текстов определител УДК Медицина
УДК код - определител по УДК 61
УДК определител (515)
УДК - код + определител 61(515)
080 ## - УДК
Текстов определител УДК Нехристиянски религии. Митология. Различни култове
УДК код - определител по УДК 29
УДК определител (515)
УДК - код + определител 29(515)
100 1# - Редна дума - Автор
Автор Хансард, Кристофър
Авторска отговорност първи автор
R(LIN) 136090
139 ## - Редно поле
Редна дума Хансард, Кристофър
Авторски знак Хан - Х 25
245 10 - Сведения за заглавието
Заглавие Тибетското изкуство на живота
Подзаглавни данни Мъдро тяло, мъдър ум, мъдър живот
Редно поле (дума) Кристофър Хансард; прев. от англ. Валентина Атанасова.
257 ## - Страна на издаване
Страна на създаване/издаване Великобритания
260 ## - Област на издателските данни
-- Пловдив
Име на издателя, разпространителя и проч. Хермес
Година на издаване 2006
300 ## - Физическа характеристика
Страници 303 с.
Размери/Мащаб 20 см
380 ## - Жанр
Жанр Медицина
500 ## - Общи забележки
Забележка Ориг. загл. The Tibetian Art of Living / Christopher Hansard. - Офс. изд. - Азб. показалец. - Доп. тир. 2013.
650 #4 - Допълнително описание по предмет – тема
Основно описание – тема или топоним Медицина, тибетска
9 (RLIN) 264539
650 #4 - Допълнително описание по предмет – тема
Основно описание – тема или топоним Живот - религиознофилософски проблеми
9 (RLIN) 248585
650 #4 - Допълнително описание по предмет – тема
Основно описание – тема или топоним Смърт - религиозни и езотерични проблеми
9 (RLIN) 247534
651 #4 - Допълнително описание по предмет - топоним
Географско понятие Тибет
9 (RLIN) 179656
653 ## - Ключова дума – ненормативна
Ключова дума тибетска медицина
653 ## - Ключова дума – ненормативна
Ключова дума карма
653 ## - Ключова дума – ненормативна
Ключова дума хигиена на храненето
653 ## - Ключова дума – ненормативна
Ключова дума медитация
653 ## - Ключова дума – ненормативна
Ключова дума самолечение
653 ## - Ключова дума – ненормативна
Ключова дума самоусъвършенстване
700 1# - Други автори (авторска отговорност)
Лично име Атанасова, Валентина
Автороска отговорност (Описва отношението между автора и произведението) прев. от англ.
Друга информация Тодорова, Валентина Атанасова
9 (RLIN) 365692
852 ## - Местоположение
Форматна сигнатура Цб 232670
856 4# - Електронен адрес и достъп
Електронен формат pdf - файл
Път до файла /url/
856 4# - Електронен адрес и достъп
Електронен формат pdf - файл
Път до файла /url/
942 ## - АРТИКУЛИ
Вид на библиотечния материал Книги
Скрит в OPAC Не
Koha issues (borrowed), all copies 12
944 ## - СЪЗДАВАНЕ И РЕДАКЦИЯ на ЗАПИСА
Създаване/Редакция Създаване
Дата на регистрацията/редакция 23.03.2007
Статус, дата на статуса Галина Якимова
Служител, извършил регистрацията/редакцията 30564
944 ## - СЪЗДАВАНЕ И РЕДАКЦИЯ на ЗАПИСА
Създаване/Редакция Редакция
Дата на регистрацията/редакция 14.04.2016
Статус, дата на статуса ф /
Служител, извършил регистрацията/редакцията Пенка_Димитрова
999 ## - СИСТЕМНИ КОНТРОЛНИ НОМЕРА
Koha biblionumber 69059
Koha biblioitemnumber 69059
Наличности
Код за отписване Код за изгубен артикул Код за повреда Коз за рестрикции Код за отдаване Артикулен № Име на библиотеката - собственик Име на библиотеката, в която се намира в момента Статус (Текущо местоположение) Дата на вписване в системата Местоположение - отдел Цена в лева Инвентарен номер Систематично азбучна сигнатура Баркод Номер на екземпляра Цена в евро Служебна бележка Служебен тип на артикула Източник на класификационната схема
  Не е изгубен Не е повреден без рестрикции ползва се в читалня 113364 Регионална библиотека "Любен Каравелов" Русе Регионална библиотека "Любен Каравелов" Русе Хранилище 2007-03-26 Хранилище 8.95 120000711733 Цб 232670 120000711733 1 4.58 Дост: Dp Вид: Д N: 33 Дата: 19.07.2006 Книги  
Изтеглен Не е изгубен Не е повреден без рестрикции заемане за дома 113365 Регионална библиотека "Любен Каравелов" Русе Регионална библиотека "Любен Каравелов" Русе Заемна - подръчен фонд 2010-04-28 Заемна - подръчен фонд 8.95 120000744013 П 61/Х 25 120000744013 2 4.58 Дост: DA Вид: А N: 14 Дата: 28.04.2010 Книги Universal Decimal Classification
  Не е изгубен Не е повреден без рестрикции заемане за дома 113366 Регионална библиотека "Любен Каравелов" Русе Регионална библиотека "Любен Каравелов" Русе Заемна - подръчен фонд 2016-04-14 Заемна - подръчен фонд 5.98 120000799723 П 61/Х 25 120000799723 3 3.06 Дост: Pk Вид: Ф N: 646 Дата: 13.04.2016 Дата инв: 02.02.2018 Бележки инв: П2018 Книги Universal Decimal Classification
Vip Innovations Ltd, Rousse, Bulgaria 2025